[Event "22ème Open de Saint-Affrique"]
[Site "Saint Affrique (12)"]
[Date "2014.07.21"]
[Round "3.35"]
[White "Espiau Dubois, Louis"]
[Black "Claisse, Patrick"]
[Result "1/2-1/2"]
[WhiteElo "1577"]
[BlackElo "1788"]
[PlyCount "64"]
[EventDate "2014.??.??"]
[Source "Sylvain Rivier"]
[SourceDate "2014.07.26"]

1. e4 c5 2. Nf3 d6 3. d4 cxd4 4. Nxd4 Nf6 5. Nc3 a6 6. Bg5 e6 7. f4 Be7 8. Qf3
Qc7 9. O-O-O Bd7 10. Bd3 Nc6 11. Nb3 O-O-O 12. Rhe1 Kb8 13. e5 Ne8 14. exd6
Nxd6 15. Nd5 exd5 16. Bxe7 Rde8 17. Bh4 Nb4 18. Kb1 Nxd3 19. Rxd3 Rxe1+ 20.
Bxe1 Bf5 21. Rc3 Qe7 22. Re3 Be4 23. Bb4 Qc7 24. Qe2 Nf5 25. Bc3 Qxf4 26. Rh3
Rc8 27. g4 Nh6 28. Rg3 Rc6 29. Nd4 Rg6 30. Bd2 Qe5 31. Bc3 Qf4 32. Bd2 Qe5
1/2-1/2

[Event "22ème Open de Saint-Affrique"]
[Site "Saint Affrique (12)"]
[Date "2014.07.21"]
[Round "3.36"]
[White "Viguie, Serge"]
[Black "Prieu, Arnaud"]
[Result "1/2-1/2"]
[WhiteElo "1783"]
[BlackElo "1572"]
[PlyCount "146"]
[EventDate "2014.??.??"]
[Source "Sylvain Rivier"]
[SourceDate "2014.07.26"]

1. e4 e5 2. Nf3 Nc6 3. d4 exd4 4. c3 dxc3 5. Bc4 Bc5 6. O-O Nge7 7. Nxc3 d6 8.
e5 dxe5 9. Qxd8+ Kxd8 10. Bxf7 Bg4 11. Ng5 Nd4 12. Be3 h6 13. Nge4 Bb6 14. h3
Rf8 15. Bc4 Bh5 16. Ng3 Bg6 17. Na4 Nec6 18. Nxb6 axb6 19. f4 Nc2 20. Rad1+ Ke7
21. Bc1 exf4 22. Bxf4 Ra4 23. b3 Rxa2 24. Bxc7 Rxf1+ 25. Nxf1 b5 26. Bxb5 N6d4
27. Bc4 b5 28. Bd5 Ra1 29. Rxa1 Nxa1 30. Be5 Naxb3 31. Bxg7 h5 32. Ng3 Kd6 33.
Bg8 Kc5 34. Kf2 Nd2 35. Bf8+ Kc6 36. Ke3 N2b3 37. Kf4 Nc5 38. Kg5 Ne4+ 39. Kxg6
Nxg3 40. Bb4 Ndf5 41. Kg5 Ne3 42. Kf4 Ngf1 43. Kf3 Nc2 44. Be7 Nfe3 45. Bf7 Nf5
46. Be8+ Kd5 47. Bf8 Ne1+ 48. Kf4 Ke6 49. g4 Nd3+ 50. Kg5 hxg4 51. hxg4 Ne3 52.
Bxb5 Nxg4 53. Kxg4 Ne5+ 54. Kg3 Kf7 55. Bb4 Ke6 56. Kf4 Kd5 57. Kf5 Kd4 58. Ba6
Nc6 59. Be1 Ne7+ 60. Ke6 Ng6 61. Bf2+ Ke4 62. Bb7+ Kf4 63. Bc5 Nh4 64. Bd6+ Ke3
65. Bc5+ Kf4 66. Ba6 Nf3 67. Bd3 Ng5+ 68. Kd5 Kf3 69. Bd4 Kf4 70. Bf2 Nf3 71.
Be2 Ng5 72. Bh5 Kf5 73. Bg3 Ne4 1/2-1/2

[Event "22ème Open de Saint-Affrique"]
[Site "Saint Affrique (12)"]
[Date "2014.07.21"]
[Round "3.37"]
[White "Casasnovas, Vincent"]
[Black "Penalver, Francois"]
[Result "0-1"]
[WhiteElo "1562"]
[BlackElo "1780"]
[PlyCount "63"]
[EventDate "2014.??.??"]
[Source "Sylvain Rivier"]
[SourceDate "2014.07.26"]

1. d4 Nf6 2. Nf3 g6 3. e3 Bg7 4. Nbd2 O-O 5. c4 a5 6. b3 Na6 7. Ba3 d6 8. Rc1
c5 9. d5 Nb4 10. Bxb4 axb4 11. Qc2 Bd7 12. Bd3 Qa5 13. O-O Qxa2 14. e4 Qxc2 15.
Bxc2 Ng4 16. h3 Ne5 17. Nxe5 Bxe5 18. f4 Bd4+ 19. Kh1 f5 20. Nf3 Bc3 21. e5 Ra2
22. e6 Bc8 23. Rf2 b6 24. Nd2 Bb7 25. g4 Bxd2 26. Rxd2 fxg4 27. Rf1 gxh3 28.
Kh2 b5 29. Kxh3 bxc4 30. Rg2 cxb3 31. Bb1 Rxg2 32. Kxg2 0-1

[Event "22ème Open de Saint-Affrique"]
[Site "Saint Affrique (12)"]
[Date "2014.07.21"]
[Round "3.38"]
[White "Brin-Vervat, Emma"]
[Black "Costa, Anthony"]
[Result "0-1"]
[WhiteElo "1541"]
[BlackElo "1764"]
[PlyCount "128"]
[EventDate "2014.??.??"]
[Source "Sylvain Rivier"]
[SourceDate "2014.07.26"]

1. e4 c5 2. c3 d5 3. exd5 Qxd5 4. d4 cxd4 5. cxd4 Nc6 6. Be3 Bf5 7. Nc3 Qd8 8.
a3 e6 9. Nf3 Be7 10. Be2 Nf6 11. O-O O-O 12. h3 h6 13. Rc1 Rc8 14. Na4 Nd5 15.
Qd2 Bf6 16. Rfd1 Qe7 17. Bd3 Bxd3 18. Qxd3 Rfd8 19. Qe2 b6 20. Nc3 Nxc3 21.
Rxc3 Qb7 22. Rd2 Ne7 23. Rxc8 Rxc8 24. Rc2 Nd5 25. Rxc8+ Qxc8 26. Qd3 Qc6 27.
Qb3 Ne7 28. Qd3 Nf5 29. Kh1 Qd5 30. Kg1 Nd6 31. Qc2 Nb5 32. Qa4 a5 33. Kh1 Qc6
34. Qd1 Nc7 35. Qb3 Nd5 36. Kg1 b5 37. Kh1 a4 38. Qd3 Nb6 39. Kg1 Qd5 40. Qc3
Nc4 41. Kh1 e5 42. dxe5 Bxe5 43. Nxe5 Nxe5 44. Bd4 f6 45. Bxe5 fxe5 46. Qc8+
Kh7 47. Qc2+ e4 48. Kg1 Qd3 49. Qxd3 exd3 50. Kf1 Kg6 51. Ke1 Kf5 52. Kd2 Ke4
53. Kc3 g5 54. Kd2 Kd4 55. f3 h5 56. g3 h4 57. gxh4 gxh4 58. f4 Ke4 59. f5 Kxf5
60. Kxd3 Kf4 61. Ke2 Ke4 62. Kf2 Kd3 63. Kf3 Kc2 64. Kg4 Kxb2 0-1

[Event "22ème Open de Saint-Affrique"]
[Site "Saint Affrique (12)"]
[Date "2014.07.21"]
[Round "3.39"]
[White "Vignette, Jeanne"]
[Black "Caudrelier, Pierre"]
[Result "1/2-1/2"]
[WhiteElo "1758"]
[BlackElo "1510"]
[PlyCount "82"]
[EventDate "2014.??.??"]
[Source "Sylvain Rivier"]
[SourceDate "2014.07.26"]

1. e4 e5 2. Nf3 Nc6 3. Bc4 Nf6 4. d3 Be7 5. c3 O-O 6. Nbd2 d6 7. Bb3 a6 8. Nf1
d5 9. Qe2 dxe4 10. dxe4 Nh5 11. Nxe5 Nxe5 12. Qxh5 Nd3+ 13. Ke2 Bc5 14. Be3
Bxe3 15. fxe3 g6 16. Qd5 Qxd5 17. exd5 Nc5 18. Bc2 Bg4+ 19. Kf2 Rfe8 20. h3 Bd7
21. Nd2 Re5 22. c4 a5 23. Rhf1 Rae8 24. Rae1 Bf5 25. Bxf5 Rxf5+ 26. Ke2 Rfe5
27. Rf3 f5 28. g3 h5 29. h4 Kf7 30. a3 b6 31. b4 axb4 32. axb4 Ne4 33. Ra1 Ke7
34. Nxe4 Rxe4 35. Rf4 Kd7 36. Rxe4 Rxe4 37. Kd3 Rg4 38. Rg1 Kd6 39. Rg2 b5 40.
Rc2 Rxg3 41. cxb5 Rg4 1/2-1/2

[Event "22ème Open de Saint-Affrique"]
[Site "Saint Affrique (12)"]
[Date "2014.07.21"]
[Round "3.40"]
[White "Degraeve, Remy"]
[Black "Bizeul, Pierre"]
[Result "1/2-1/2"]
[WhiteElo "1537"]
[BlackElo "1757"]
[PlyCount "117"]
[EventDate "2014.??.??"]
[Source "Sylvain Rivier"]
[SourceDate "2014.07.26"]

1. e4 g6 2. d4 Bg7 3. Nf3 c6 4. Bc4 d5 5. Bb3 Nh6 6. exd5 cxd5 7. O-O Bg4 8. h3
Bxf3 9. Qxf3 e6 10. Bxh6 Bxh6 11. c4 Nc6 12. cxd5 Nxd4 13. Ba4+ b5 14. Qd3 bxa4
15. Qxd4 O-O 16. Qxa4 Qxd5 17. Nc3 Qb7 18. Qb3 Qxb3 19. axb3 Rab8 20. Ne4 Rxb3
21. Rxa7 Rxb2 22. Nf6+ Kg7 23. Nd7 Rc8 24. Ne5 Rcc2 25. Rxf7+ Kg8 26. Re7 Re2
27. Ng4 Bg5 28. Rd7 h5 29. Nh2 Be3 30. Rd8+ Kg7 31. Rd7+ Kg8 32. Rd8+ Kg7 33.
Rd7+ Kh6 34. Rf7 g5 35. Rf3 Bb6 36. g4 h4 37. Rf8 Kg7 38. Rf3 Ra2 39. Kg2 Rab2
40. Kg1 Kg6 41. Rf8 e5 42. Nf3 Kg7 43. Rf5 e4 44. Nxg5 e3 45. Ne4 exf2+ 46.
Nxf2 Rb3 47. Kh2 Rbb2 48. Kg1 Re3 49. Kh2 Rg3 50. Kh1 Bxf2 51. R5xf2 Rxh3+ 52.
Kg2 Rg3+ 53. Kh2 Rxf2+ 54. Rxf2 Rxg4 55. Kh3 Ra4 56. Rg2+ Kh6 57. Rg4 Rxg4 58.
Kxg4 h3 59. Kxh3 1/2-1/2

[Event "22ème Open de Saint-Affrique"]
[Site "Saint Affrique (12)"]
[Date "2014.07.21"]
[Round "3.41"]
[White "Pont, Frederic"]
[Black "Flaujac, Benoit"]
[Result "1/2-1/2"]
[WhiteElo "1527"]
[BlackElo "1702"]
[PlyCount "39"]
[EventDate "2014.??.??"]
[Source "Sylvain Rivier"]
[SourceDate "2014.07.26"]

1. e4 e5 2. Nf3 Nc6 3. d4 exd4 4. Nxd4 Bc5 5. Be3 Qf6 6. c3 Nge7 7. g3 d5 8.
Bg2 dxe4 9. Bxe4 Bxd4 10. cxd4 Bf5 11. Nc3 Bxe4 12. Nxe4 Qg6 13. Nc5 b6 14. Nd3
O-O 15. O-O Qe4 16. Re1 Nd5 17. Ne5 Nxe5 18. dxe5 Nxe3 19. Rxe3 Qf5 20. Qd3
1/2-1/2

[Event "22ème Open de Saint-Affrique"]
[Site "Saint Affrique (12)"]
[Date "2014.07.21"]
[Round "3.43"]
[White "Jackson, Thomas"]
[Black "Leost, Joel"]
[Result "1-0"]
[WhiteElo "1694"]
[BlackElo "1445"]
[PlyCount "67"]
[EventDate "2014.??.??"]
[Source "Sylvain Rivier"]
[SourceDate "2014.07.26"]

1. d4 f5 2. Bg5 Nf6 3. Bxf6 exf6 4. e3 d5 5. g3 Be6 6. Bg2 c6 7. Nd2 g6 8. Ne2
Nd7 9. Nf4 Kf7 10. Rc1 Nb6 11. c3 Bd6 12. Nxe6 Kxe6 13. O-O Kf7 14. c4 Bc7 15.
Qb3 Rc8 16. c5 Nd7 17. Qxb7 Ba5 18. Nb3 Ke7 19. Qxa7 Ra8 20. Qb7 Rc8 21. Qa6
Nb8 22. Qxa5 Rc7 23. Rfd1 Re8 24. Bf1 Kf8 25. Qb4 Qe7 26. a3 Rb7 27. Qc3 Ra7
28. Nd2 h5 29. h4 g5 30. Nf3 g4 31. Ne1 Qc7 32. Ng2 Kf7 33. Nf4 Rh8 34. Bd3 1-0

[Event "22ème Open de Saint-Affrique"]
[Site "Saint Affrique (12)"]
[Date "2014.07.21"]
[Round "3.44"]
[White "Petit, Jimmy"]
[Black "Joyeux, Gerard"]
[Result "1/2-1/2"]
[WhiteElo "1459"]
[BlackElo "1692"]
[PlyCount "104"]
[EventDate "2014.??.??"]
[Source "Sylvain Rivier"]
[SourceDate "2014.07.26"]

1. Nf3 Nc6 2. d4 Nf6 3. c4 d5 4. Nc3 Bg4 5. Bg5 Bxf3 6. exf3 e6 7. cxd5 exd5 8.
Bxf6 gxf6 9. Bb5 Qd6 10. O-O O-O-O 11. Qa4 Bh6 12. Bxc6 bxc6 13. Qxa7 Rhg8 14.
g3 f5 15. Qa6+ Kd7 16. Qd3 Qf6 17. Ne2 f4 18. g4 Bf8 19. Qxh7 Bd6 20. Kh1 Rg6
21. Qh3 Rg5 22. Rg1 Rh8 23. Qf1 Qh6 24. Rg2 Qh3 25. Ng1 Qh7 26. h3 Rg6 27. Rh2
f5 28. gxf5 Rf6 29. a4 Qxf5 30. a5 Rff8 31. h4 Ke7 32. a6 Qf6 33. a7 Ra8 34.
Ra4 c5 35. dxc5 Bxc5 36. Qe2+ Kf7 37. Ra6 Bb6 38. Qd3 Rh5 39. Qc3 Qd6 40. Nh3
Rxa7 41. Rxa7 Bxa7 42. Qd2 Rf5 43. Rg2 c6 44. Rg4 Bb8 45. Qd4 Qe5 46. Qxe5 Bxe5
47. Kg1 Bxb2 48. Rxf4 Rxf4 49. Nxf4 Kf6 50. Kf1 Kf5 51. Nd3 Bc3 52. Ke2 Kg6
1/2-1/2

[Event "22ème Open de Saint-Affrique"]
[Site "Saint Affrique (12)"]
[Date "2014.07.21"]
[Round "3.45"]
[White "Noireaut, Hoan"]
[Black "Cellier-Valencia, Baptiste"]
[Result "1-0"]
[WhiteElo "1674"]
[BlackElo "1347"]
[PlyCount "43"]
[EventDate "2014.??.??"]
[Source "Sylvain Rivier"]
[SourceDate "2014.07.26"]

1. d4 d5 2. Bf4 Nf6 3. e3 Bf5 4. Bd3 Bxd3 5. Qxd3 Nbd7 6. Nf3 e6 7. h3 c5 8. c3
Be7 9. Nbd2 O-O 10. O-O Re8 11. Rfe1 Qb6 12. Rab1 Qc6 13. e4 Nf8 14. e5 Nh5 15.
Be3 Ng6 16. g3 f6 17. Qe2 fxe5 18. dxe5 Qc7 19. Ng5 d4 20. Qxh5 dxe3 21. Qxh7+
Kf8 22. Nxe6+ 1-0

[Event "22ème Open de Saint-Affrique"]
[Site "Saint Affrique (12)"]
[Date "2014.07.21"]
[Round "3.46"]
[White "Fabre, Jean-Michel"]
[Black "Nguyen, Gael"]
[Result "1-0"]
[WhiteElo "1337"]
[BlackElo "1670"]
[PlyCount "79"]
[EventDate "2014.??.??"]
[Source "Sylvain Rivier"]
[SourceDate "2014.07.26"]

1. d4 Nf6 2. c4 g6 3. Nc3 Bg7 4. Nf3 O-O 5. Bd2 c5 6. d5 d6 7. Qc1 Re8 8. Bh6
Bh8 9. h4 Qa5 10. Bd2 Qd8 11. Bh6 Bf5 12. Bg5 Nbd7 13. g3 e6 14. Bh3 Bxh3 15.
Rxh3 exd5 16. cxd5 b5 17. Qc2 Qa5 18. Bd2 b4 19. Nd1 Ne4 20. h5 Nxd2 21. Qxd2
Nf6 22. hxg6 hxg6 23. Qh6 Bg7 24. Qd2 c4 25. Kf1 Ne4 26. Qc1 Qxd5 27. Ne3 Qe6
28. Kg2 c3 29. bxc3 Nxc3 30. Qh1 Qe4 31. Rh4 Qb7 32. Qh3 Ne4 33. Rh1 Kf8 34.
Ng4 Ng5 35. Qh2 Rxe2 36. Kf1 Nxf3 37. Rh8+ Bxh8 38. Qxh8+ Ke7 39. Qf6+ Kf8 40.
Rh8# 1-0

[Event "22ème Open de Saint-Affrique"]
[Site "Saint Affrique (12)"]
[Date "2014.07.21"]
[Round "3.47"]
[White "Grimault, Lou"]
[Black "Sempe, Pierre"]
[Result "0-1"]
[WhiteElo "1317"]
[BlackElo "1659"]
[PlyCount "54"]
[EventDate "2014.??.??"]
[Source "Sylvain Rivier"]
[SourceDate "2014.07.26"]

1. e4 e5 2. Nf3 Nc6 3. Bc4 Be7 4. c3 Nf6 5. d4 Nxe4 6. dxe5 d6 7. exd6 Nxd6 8.
Bb3 Bg4 9. Bf4 Qd7 10. O-O O-O 11. Nbd2 Rad8 12. Qc2 Bf5 13. Qc1 Ne4 14. Rd1
Nxd2 15. Rxd2 Qc8 16. Rxd8 Nxd8 17. Qe3 Ne6 18. Bxe6 Bxe6 19. Qxa7 Rd8 20. Qe3
Qd7 21. a3 Bf6 22. h3 c6 23. Bh2 Re8 24. Qd2 Qxd2 25. Nxd2 g5 26. Bg3 Bf5 27.
Nb3 Re2 0-1

[Event "22ème Open de Saint-Affrique"]
[Site "Saint Affrique (12)"]
[Date "2014.07.21"]
[Round "3.48"]
[White "Mouton, Aline"]
[Black "Criticos, Kris"]
[Result "0-1"]
[WhiteElo "1010"]
[BlackElo "1656"]
[PlyCount "42"]
[EventDate "2014.??.??"]
[Source "Sylvain Rivier"]
[SourceDate "2014.07.26"]

1. d4 Nf6 2. Nf3 g6 3. e3 Bg7 4. Nc3 d5 5. Bd3 O-O 6. O-O c6 7. Qe1 Qc7 8. Ne2
Ne4 9. b3 Bg4 10. c4 Bxf3 11. Nf4 e5 12. dxe5 Bxe5 13. Nh3 Bc3 14. gxf3 Bxe1
15. Rxe1 Nc5 16. Bc2 dxc4 17. bxc4 Nbd7 18. Bd3 Rfe8 19. f4 Rad8 20. e4 Ne6 21.
f5 Nd4 {suite illisible} 0-1

[Event "22ème Open de Saint-Affrique"]
[Site "Saint Affrique (12)"]
[Date "2014.07.21"]
[Round "3.49"]
[White "Guerzeder, Thomas"]
[Black "Alfonso, Jonathan"]
[Result "1-0"]
[WhiteElo "1652"]
[BlackElo "1099"]
[PlyCount "81"]
[EventDate "2014.??.??"]
[Source "Sylvain Rivier"]
[SourceDate "2014.07.26"]

1. d4 d5 2. Nf3 Nc6 3. g3 Nf6 4. Bg2 e6 5. O-O Bd6 6. Bg5 O-O 7. c4 e5 8. dxe5
Bxe5 9. Nxe5 Nxe5 10. cxd5 Bg4 11. f3 Bf5 12. e4 Bg6 13. Nc3 h6 14. Bf4 Qd6 15.
Qd4 Rae8 16. Rac1 c5 17. Qa4 a6 18. Qd1 b5 19. Bxe5 Rxe5 20. f4 Re7 21. e5 Qb6
22. exf6 Qxf6 23. Re1 Rxe1+ 24. Qxe1 Qd4+ 25. Qf2 Qxf2+ 26. Kxf2 Re8 27. Re1
Rd8 28. Ne4 f6 29. Nxc5 Rd6 30. Re6 Rd8 31. Rxa6 Bf7 32. d6 b4 33. Nb7 Rd7 34.
Bc6 Bc4 35. Ra8+ Kh7 36. Bxd7 Bd5 37. Bf5+ g6 38. d7 Bxb7 39. Rb8 Bc6 40. d8=Q
gxf5 41. Qg8# 1-0

[Event "22ème Open de Saint-Affrique"]
[Site "Saint Affrique (12)"]
[Date "2014.07.21"]
[Round "3.50"]
[White "Vidal, Frederic"]
[Black "Durand, Joris"]
[Result "1-0"]
[WhiteElo "1749"]
[BlackElo "1330"]
[PlyCount "75"]
[EventDate "2014.??.??"]
[Source "Sylvain Rivier"]
[SourceDate "2014.07.26"]

1. f4 c6 2. c3 d5 3. Qc2 Nf6 4. Nf3 Qb6 5. e3 e6 6. Be2 Bd6 7. d3 O-O 8. d4 c5
9. O-O Bd7 10. Ne5 c4 11. Nd2 Bb5 12. Rf3 Nbd7 13. Rh3 h6 14. g4 Bxe5 15. fxe5
Ne4 16. Nxe4 dxe4 17. Qxe4 f5 18. gxf5 exf5 19. Qd5+ Kh8 20. Bxc4 Qc6 21. Qxb5
a6 22. Qxc6 bxc6 23. Bd2 Rab8 24. b3 a5 25. Rf1 c5 26. Be6 Rbd8 27. Rxf5 cxd4
28. Rxf8+ Nxf8 29. Bc4 dxe3 30. Bxe3 Ng6 31. Bd4 Nf4 32. Rf3 Ne2+ 33. Bxe2 Rg8
34. Bc4 Re8 35. e6 Re7 36. Rf8+ Kh7 37. Bd3+ g6 38. Rh8# 1-0

[Event "22ème Open de Saint-Affrique"]
[Site "Saint Affrique (12)"]
[Date "2014.07.21"]
[Round "3.51"]
[White "Marie, Olivier"]
[Black "Grimault, Stephanie"]
[Result "0-1"]
[WhiteElo "1633"]
[BlackElo "1274"]
[PlyCount "40"]
[EventDate "2014.??.??"]
[Source "Sylvain Rivier"]
[SourceDate "2014.07.26"]

1. e4 e6 2. b3 b6 3. Na3 Bb7 4. Qe2 d5 5. exd5 Bxd5 6. Bb2 a6 7. Nh3 Nf6 8. Nc4
Nbd7 9. Ne3 Bb7 10. f3 Bd6 11. Nf5 O-O 12. Nxg7 Kxg7 13. g4 e5 14. Rg1 Rg8 15.
g5 Ne8 16. Nf4 Kf8 17. Qg2 exf4 18. Qh3 Qe7+ 19. Kf2 Bc5+ 20. d4 Qe3+ 0-1

[Event "22ème Open de Saint-Affrique"]
[Site "Saint Affrique (12)"]
[Date "2014.07.21"]
[Round "3.52"]
[White "Gachon, Maxence"]
[Black "Grosse, Tomas"]
[Result "0-1"]
[WhiteElo "1442"]
[BlackElo "1627"]
[PlyCount "106"]
[EventDate "2014.??.??"]
[Source "Sylvain Rivier"]
[SourceDate "2014.07.26"]

1. d4 d5 2. c4 c6 3. Nc3 e6 4. cxd5 exd5 5. Bf4 Nf6 6. Qc2 Bd6 7. Bxd6 Qxd6 8.
e3 O-O 9. Bd3 Re8 10. Nge2 h6 11. O-O Nbd7 12. Rae1 Nf8 13. Ng3 Bd7 14. f3 N8h7
15. Bxh7+ Nxh7 16. Qf2 Nf6 17. e4 dxe4 18. fxe4 Qe7 19. Nf5 Bxf5 20. Qxf5 Rad8
21. Rd1 Qd7 22. Qxd7 Rxd7 23. e5 Nd5 24. Nxd5 Rxd5 25. Rd2 Red8 26. Rfd1 c5 27.
Rd3 Rxd4 28. Rxd4 cxd4 29. Kf2 Rd5 30. b3 Kf8 31. Kf3 Rxe5 32. Rxd4 Rb5 33. Rd7
a6 34. Rc7 g6 35. g4 Kg7 36. Ke4 Rb4+ 37. Rc4 Rb5 38. Rc7 Kf6 39. h4 Rb4+ 40.
Rc4 Rxc4+ 41. bxc4 g5 42. h5 Ke6 43. c5 a5 44. a4 f6 45. Kd4 f5 46. gxf5+ Kxf5
47. Kd5 g4 48. Kd6 g3 49. Kc7 g2 50. Kxb7 g1=Q 51. c6 Qb1+ 52. Kc8 Ke5 53. c7
Qb4 0-1

[Event "22ème Open de Saint-Affrique"]
[Site "Saint Affrique (12)"]
[Date "2014.07.21"]
[Round "3.53"]
[White "Degraeve, Thomas"]
[Black "Combes, Angelino"]
[Result "1-0"]
[WhiteElo "1559"]
[BlackElo "1318"]
[PlyCount "81"]
[EventDate "2014.??.??"]
[Source "Sylvain Rivier"]
[SourceDate "2014.07.26"]

1. d4 d5 2. c4 e6 3. cxd5 exd5 4. Nc3 Bf5 5. Nf3 Nf6 6. Qb3 b6 7. Bf4 Nh5 8.
Qxd5 Qxd5 9. Nxd5 Na6 10. Bd2 Bd6 11. Rc1 Be4 12. Nc3 Bb7 13. Nb5 O-O 14. e3
Rfd8 15. Nxd6 cxd6 16. Bd3 Nf6 17. Ke2 Ne4 18. a3 Nxd2 19. Kxd2 f6 20. b4 Rac8
21. Bf5 Rxc1 22. Rxc1 g6 23. Be6+ Kf8 24. b5 Bxf3 25. gxf3 Ke7 26. Bd5 Nb8 27.
Rc7+ Rd7 28. Rc1 Kd8 29. Be6 Rc7 30. Rxc7 Kxc7 31. Kd3 a6 32. a4 a5 33. Ke4 Nd7
34. Bxd7 Kxd7 35. Kd5 h6 36. f4 f5 37. f3 g5 38. fxg5 hxg5 39. e4 f4 40. h3 Kc7
41. Ke6 1-0

[Event "22ème Open de Saint-Affrique"]
[Site "Saint Affrique (12)"]
[Date "2014.07.21"]
[Round "3.54"]
[White "Gachon, Valentin"]
[Black "Coquelle, Arnaud"]
[Result "0-1"]
[WhiteElo "1301"]
[BlackElo "1760"]
[PlyCount "52"]
[EventDate "2014.??.??"]
[Source "Sylvain Rivier"]
[SourceDate "2014.07.26"]

1. e4 a6 2. Nf3 b5 3. d4 Bb7 4. Bd3 Nf6 5. Nc3 b4 6. e5 bxc3 7. exf6 exf6 8.
bxc3 Be7 9. O-O O-O 10. Bf4 d6 11. Re1 Nd7 12. Rb1 Nb6 13. Nh4 Re8 14. Nf5 Bf8
15. h4 Rxe1+ 16. Qxe1 Qe8 17. Qd1 Be4 18. Qg4 Nd5 19. Re1 Bxf5 20. Rxe8 Bxg4
21. Rxa8 Nxf4 22. Bxh7+ Kxh7 23. Rxf8 Be6 24. Kf1 Ng6 25. Ra8 Nxh4 26. Rxa6
Bc4+ 0-1

[Event "22ème Open de Saint-Affrique"]
[Site "Saint Affrique (12)"]
[Date "2014.07.21"]
[Round "3.55"]
[White "Raynal, Etienne"]
[Black "Blanchon, Pascal"]
[Result "0-1"]
[WhiteElo "1286"]
[BlackElo "1637"]
[PlyCount "44"]
[EventDate "2014.??.??"]
[Source "Sylvain Rivier"]
[SourceDate "2014.07.26"]

1. e4 e5 2. Nf3 Nc6 3. Bb5 a6 4. Ba4 Nf6 5. O-O b5 6. Bb3 Be7 7. Re1 O-O 8. c3
d5 9. exd5 Nxd5 10. Nxe5 Nxe5 11. Rxe5 Nf6 12. Qe1 Bd6 13. Re2 Ng4 14. h3 Qh4
15. f3 Bh2+ 16. Kh1 Bg3 17. Qf1 Nf2+ 18. Kg1 Bxh3 19. Rxf2 Bf5 20. Bxf7+ Rxf7
21. Qe2 Qh2+ 22. Kf1 Qh1# 0-1

[Event "22ème Open de Saint-Affrique"]
[Site "Saint Affrique (12)"]
[Date "2014.07.21"]
[Round "3.56"]
[White "Roubaud, Brennan"]
[Black "Bernard, Anthony"]
[Result "0-1"]
[WhiteElo "1282"]
[BlackElo "1636"]
[PlyCount "60"]
[EventDate "2014.??.??"]
[Source "Sylvain Rivier"]
[SourceDate "2014.07.26"]

1. e4 e5 2. Nf3 Nc6 3. Bb5 a6 4. Bxc6 dxc6 5. d3 Bd6 6. Nc3 h6 7. h3 Nf6 8. d4
exd4 9. Qxd4 c5 10. Qe3 Be7 11. O-O O-O 12. Rd1 Qe8 13. e5 Nh7 14. Nd5 Bd8 15.
Qxc5 b6 16. Qc3 c6 17. Nf4 Bc7 18. Nd3 Bf5 19. Nb4 Be4 20. Bf4 a5 21. Qe3 Bxf3
22. Qxf3 axb4 23. Rd4 c5 24. Re4 Qe6 25. Re3 Rfc8 26. b3 Nf8 27. a4 bxa3 28.
Re4 Ng6 29. Ra4 Rxa4 30. bxa4 Nxf4 0-1

[Event "22ème Open de Saint-Affrique"]
[Site "Saint Affrique (12)"]
[Date "2014.07.21"]
[Round "3.57"]
[White "Antos, Claude"]
[Black "Bois D'Enghien, Noumea"]
[Result "1-0"]
[WhiteElo "1499"]
[BlackElo "1240"]
[PlyCount "77"]
[EventDate "2014.??.??"]
[Source "Sylvain Rivier"]
[SourceDate "2014.07.26"]

1. e4 e5 2. Nf3 Nc6 3. Bc4 Bc5 4. d3 d6 5. Ng5 Be6 6. Qf3 Nf6 7. Bxe6 fxe6 8.
Nxe6 Qe7 9. Ng5 O-O 10. Nc3 Nd7 11. Qh3 Bxf2+ 12. Ke2 Nd4+ 13. Kd1 h6 14. Nd5
Qd8 15. c3 hxg5 16. cxd4 Bxd4 17. Qg3 c6 18. Bxg5 Qb8 19. Ne7+ Kf7 20. Rf1+ Nf6
21. Bxf6 gxf6 22. Ng6 Rg8 23. Qg5 Rxg6 24. Qf5 Bxb2 25. Rb1 Bd4 26. g4 b5 27.
g5 Qh8 28. Qf3 Rxg5 29. h4 Rh5 30. Rh1 Rxh4 31. Rf1 Rh3 32. Qg2 Rxd3+ 33. Kc2
Rc3+ 34. Kd2 Rg8 35. Qe2 Qh6+ 36. Kd1 Qe3 37. Qh5+ Kf8 38. Rxf6+ Kg7 39. Rf7#
1-0

[Event "22ème Open de Saint-Affrique"]
[Site "Saint Affrique (12)"]
[Date "2014.07.21"]
[Round "3.58"]
[White "Combelle, Xavier"]
[Black "Salvador, Lucie"]
[Result "0-1"]
[WhiteElo "1270"]
[BlackElo "1437"]
[PlyCount "74"]
[EventDate "2014.??.??"]
[Source "Sylvain Rivier"]
[SourceDate "2014.07.26"]

1. e4 e5 2. Nf3 Nc6 3. d4 exd4 4. Nxd4 Qf6 5. Nxc6 Qxc6 6. Nc3 Bb4 7. Bd2 Bxc3
8. Bxc3 Qxe4+ 9. Qe2 Qxe2+ 10. Bxe2 Nf6 11. O-O d6 12. Rfe1 Kd8 13. Rad1 Be6
14. a3 Ke7 15. Bb4 Rad8 16. f4 Kf8 17. Bd3 Bg4 18. Rd2 Nd5 19. h3 Bd7 20. g3
Nxb4 21. axb4 Bxh3 22. Rde2 g6 23. Re7 Rd7 24. R7e3 Kg7 25. Bc4 Bf5 26. c3 h5
27. Re7 Rhd8 28. Bxf7 Kf8 29. Rxd7 Rxd7 30. Be8 Rh7 31. Ba4 c5 32. Kf2 h4 33.
Bd1 h3 34. Bf3 d5 35. g4 Be4 36. Bxe4 dxe4 37. Rxe4 h2 0-1

[Event "22ème Open de Saint-Affrique"]
[Site "Saint Affrique (12)"]
[Date "2014.07.21"]
[Round "3.59"]
[White "Guerin, Tristan"]
[Black "Flear, James C"]
[Result "1-0"]
[WhiteElo "1417"]
[BlackElo "1227"]
[PlyCount "59"]
[EventDate "2014.??.??"]
[Source "Sylvain Rivier"]
[SourceDate "2014.07.26"]

1. e4 e5 2. Nf3 Nc6 3. d4 exd4 4. Nxd4 Nxd4 5. Qxd4 Nf6 6. e5 c5 7. Qf4 Nd5 8.
Qf3 Nb4 9. Bc4 d5 10. exd6 Qf6 11. Qe4+ Be6 12. a3 Nxc2+ 13. Qxc2 Bxd6 14. Bxe6
Qxe6+ 15. Qe2 Qxe2+ 16. Kxe2 O-O 17. Rd1 Rfe8+ 18. Kf1 Rad8 19. Nc3 c4 20. Be3
b6 21. Rac1 Bxh2 22. Rxd8 Rxd8 23. g3 h5 24. Kg2 Bxg3 25. fxg3 Kh7 26. Ne4 f5
27. Ng5+ Kg6 28. Rxc4 Rd1 29. Rc6+ Rd6 30. Rxd6# 1-0

[Event "22ème Open de Saint-Affrique"]
[Site "Saint Affrique (12)"]
[Date "2014.07.21"]
[Round "3.60"]
[White "Jackson, Sue"]
[Black "Meyer, Bernard"]
[Result "1/2-1/2"]
[WhiteElo "1230"]
[BlackElo "1397"]
[PlyCount "136"]
[EventDate "2014.??.??"]
[Source "Sylvain Rivier"]
[SourceDate "2014.07.26"]

1. d4 d5 2. c4 c6 3. Nc3 Nf6 4. e3 e6 5. Bd3 Bb4 6. Nge2 O-O 7. a3 Ba5 8. b4
Bc7 9. e4 dxe4 10. Nxe4 Nbd7 11. Bf4 Re8 12. Bxc7 Qxc7 13. c5 Nxe4 14. Bxe4 Nf6
15. Bc2 e5 16. d5 cxd5 17. Ng3 e4 18. O-O Bg4 19. Qd2 Rad8 20. Rac1 Qd7 21.
Rfe1 h6 22. f4 exf3 23. Rxe8+ Rxe8 24. Re1 Rxe1+ 25. Qxe1 fxg2 26. Qf2 Bh3 27.
Bf5 Qa4 28. Bxh3 Qxa3 29. Bxg2 Ng4 30. Qf4 Qa1+ 31. Nf1 Nf6 32. Bh3 g5 33. Qd2
d4 34. Bg2 b6 35. c6 Ne8 36. Kf2 Nc7 37. Ng3 Nb5 38. Nf5 Qc3 39. Qxc3 dxc3 40.
Ke2 Kh7 41. Bf1 Nc7 42. Kd1 h5 43. Bd3 Kg8 44. Kc2 Nd5 45. Kb3 a5 46. bxa5 bxa5
47. Kc2 Kf8 48. Bc4 Nb4+ 49. Kxc3 Nxc6 50. Nd6 f6 51. Nf7 h4 52. Nh6 Kg7 53.
Nf5+ Kf8 54. h3 Ne5 55. Be6 Nf3 56. Kb3 Ne5 57. Bd5 Ng6 58. Bc4 Ne7 59. Nd6 f5
60. Nf7 g4 61. hxg4 fxg4 62. Ng5 g3 63. Bf1 Nd5 64. Ka4 Ne3 65. Bh3 Kg7 66.
Kxa5 Kg6 67. Ne4 Kh5 68. Nc5 g2 1/2-1/2